| 000 | 00526nam a22002057a 4500 | ||
|---|---|---|---|
| 003 | OSt | ||
| 005 | 20151008182420.0 | ||
| 008 | 910318s1990 sp b 000 0 spa | ||
| 020 | _a500492-8 | ||
| 040 | _cBMC | ||
| 082 | _a863 | ||
| 100 | 1 |
_aGala, Antonio _9664 |
|
| 245 | 1 | 3 |
_aEl manuscrito carmesí _cAntonio Gala |
| 250 | _a1° ed | ||
| 260 |
_aBarcelona _bPlaneta _c1990 |
||
| 300 |
_a611 p. _bmaps _c21 cm |
||
| 490 | _aAutores españoles e hispanoamericanos | ||
| 650 | 2 | 4 |
_929289 _aNovela española |
| 942 |
_2ddc _cBK |
||
| 999 |
_c22724 _d22724 |
||